| 000 | 00448nam a22001337a 4500 | ||
|---|---|---|---|
| 005 | 20140222020015.0 | ||
| 008 | 140114b xxu||||| |||| 00| 0 eng d | ||
| 050 |
_aLBB1065. _bH332 1998 |
||
| 100 |
_aHartley-Brewer, Elizabeth _96641 |
||
| 245 |
_aMotivating your child _bTools and tactics to help your child be a self-starter _cHartley-Brewer, Elizabeth |
||
| 260 |
_aLondon _bVermilion _c1998 |
||
| 300 |
_a234p.; _c20cm |
||
| 942 |
_2lcc _cMONOGRAPH _01 |
||
| 999 |
_c119563 _d119563 |
||